| 000 | 00609nam a2200217 4500 | ||
|---|---|---|---|
| 003 | OSt | ||
| 005 | 20150223144200.0 | ||
| 008 | 791025s1976 sp | ||
| 020 | _a84-286-0271-9 | ||
| 040 | _cBMC | ||
| 082 | _a823 | ||
| 100 | 1 |
_aSeaman, Donald _931038 |
|
| 245 | 1 | 3 |
_aEl sindicato del terror _cDonald Seaman ; [traducción, Diorki] |
| 260 |
_aBarcelona _bPomaire _c1976 |
||
| 300 |
_a270 p. _c21 cm |
||
| 546 | _aTraducción de: The terror syndicate | ||
| 595 | _aTraducción de: The terror syndicate | ||
| 650 | 2 | 4 |
_911162 _aNovela inglesa |
| 710 | 2 |
_aDiorki _95246 |
|
| 942 |
_2ddc _cBK |
||
| 999 |
_c18046 _d18046 |
||